000 00419nam a22001577a 4500
999 _c23237
_d23237
003 NUST
020 _a0471737798
038 _aNusrat Nadeem
082 _a615.10285 EIK
100 _aSean Ekins
_921400
245 _aComputer Applications in Pharmaceutical Research & Development
_cSean Ekins
260 _aCanada
_bWiley
_c2006
300 _a805
_bHB
538 _iBioinformatics Lab(Photocopy Book)
942 _cBK
_2ddc